| 000 | 01015cam a2200229 4500 | ||
|---|---|---|---|
| 001 | ABS64930 | ||
| 008 | 020114n2001 000 0 eng u | ||
| 035 | _a(Sirsi) u116271 | ||
| 100 | _aExall, G. | ||
| 245 | _aCivil litigation | ||
| 260 | _c2001 | ||
| 490 |
_aSolicitors' Journal _v145(44) 23 November 2001, 1084(1) |
||
| 520 | _aExamines 'costs only' proceedings which were introduced in July 2000. Gives an outline of the rules and the practice direction. Notes "Benusan v Freedman" where the Senior Costs Judge commented that the new rules were being misused on a number of occasions. For example, some defendants were making unreasonably low offers in respect of pre-proceedings costs. Includes a costs only checklist for the claimant and the defendant. | ||
| 590 | _aABS | ||
| 650 | _aCIVIL LITIGATION | ||
| 650 | _aCOSTS ONLY PROCEEDINGS | ||
| 650 | _aBENSUSAN V FREEDMAN | ||
| 650 | _aCIVIL PROCEDURE RULES | ||
| 650 | _aCIVIL PROCEDURE RULES PART 44.12(A) | ||
| 690 | _aLAW-UK | ||
| 942 | _n0 | ||
| 999 |
_c69259 _d69259 |
||